000 01068 a2200253 4500
001 33643
005 20260407155628.0
008 260407a1992 arg spa d
003 AR-UNSa-BCEJYS
040 _aAR-UNSa-BCEJYS
_bspa
_cAR-UNSa-BCEJYS
080 _a510.6
_xLógica matemática
245 1 0 _aPrimer curso de lógica matemática
020 _a978-84-291-5150-3
264 1 _aBarcelona :
_bReverté
_c1992
300 _aix, 278 p.
_c21 cm.
505 _a1. Simbolización de proposiciones - 2. Inferencia lógica - 3. Certeza y válidez - 4. Tablas de certeza - 5. Términos, predicados y cuantificadores universales - 6. Especificación universal y leyes de identidad - 7. Un sistema matemático simple: axiomas de la adición - 8. Generalización universal
041 _aspa
942 _cBK
590 _aniveau_biblio:m niveau_hierar:0
100 1 _aSuppes, Patrick
700 1 _aHill, Shirley
700 1 _aLinés Escardó, Enrique
856 4 1 _uhttps://biblioeco.unsa.edu.ar/pmb/images/libros/logica_matematica.jpg
_yImagen de portada
_qimage/jpeg
999 _c2379
_d2379